|
|
|
|
| LEADER |
00000cam a2200000 7i4500 |
| 001 |
0000006897 |
| 005 |
20150308093000.0 |
| 008 |
021119s2005 si eng |
| 020 |
|
|
|a 9812364102
|
| 050 |
0 |
0 |
|a d2 KPP78
|b .R3 2005
|
| 090 |
0 |
0 |
|a d2 KPP78
|b .R3 2005
|
| 100 |
0 |
|
|a Raman, G. ,
|e author
|
| 245 |
1 |
0 |
|a Probate and administration in Singapore and Malaysia
|c G. Raman
|
| 250 |
|
|
|a 2nd ed
|
| 260 |
2 |
|
|a Singapore :
|b LexisNexis ,
|c c2005
|
| 300 |
|
|
|a xxii, 233 p. ;
|c 26 cm.
|
| 504 |
|
|
|a Includes bibliographical references and index
|
| 650 |
|
0 |
|a Probate law and practice
|z Malaysia
|
| 650 |
|
0 |
|a Probate law and practice
|z Singapore
|
| 999 |
|
|
|a 1000105676
|b Book
|c Reference
|e Gong Badak Campus
|